Guess the SCP Quiz #1 - Statistics

General Stats
  • This quiz has been taken 1,225 times
    1,031 since last reset
  • The average score is 5 of 11
Answer Stats
Scp Description Scp Serial Number % Correct
Blink and it will snap your neck. 173
91%
Look at him straight in the eye and he will rid you without any trace. 096
88%
He will cure you of the "Pestillence". 049
87%
An old Computer with some level of Smart. 079
67%
If you go inside it, it will eat you and you will become part of it. 002
66%
It will kill you and you can't do the same to it. 682
44%
A skin disease that within hours of infection will turn any organic into a fleshy substance. 610
35%
Itsa chicken-human abonimation!. 3199
25%
He will watch you as you die. 4999
22%
Typically anyone that steps into a puddle that is infected by it is pulled into an ocean. 1128
8%
-Bonus- He doesn't mean harm, but his presence will turn any structure into crumbles within hours. 1440
6%
No matching quizzes found
Score Distribution
Percent of People with Each Score
Percentile by Number Answered
Your Score History
You have not taken this quiz since the last reset